Billy Joel Lyrics Quiz (Part 38) - Statistics

General Stats
  • This quiz has been taken 31 times
  • The average score is 141 of 240
Answer Stats
Answer % Correct
a
100%
the
100%
I
96%
you
96%
We
88%
be
84%
go
84%
is
84%
my
84%
And
80%
and
80%
in
80%
me
80%
to
80%
where
80%
if
76%
man
76%
no
76%
So
76%
for
72%
who
72%
But
68%
but
68%
on
68%
Too
68%
Well
68%
what
68%
am
64%
are
64%
They
64%
they
64%
can't
60%
Can't
60%
I'm
60%
with
60%
all
56%
as
56%
could
56%
here
56%
know
56%
Like
56%
like
56%
see
56%
There
56%
there
56%
these
56%
this
56%
was
56%
from
52%
got
52%
much
52%
say
52%
through
52%
every
48%
home
48%
I've
48%
only
48%
out
48%
people
48%
there's
48%
Alexa
44%
back
44%
Downeaster
44%
God
44%
good
44%
had
44%
have
44%
Island
44%
island
44%
knows
44%
need
44%
sea
44%
Tell
44%
tell
44%
used
44%
ain't
40%
aren't
40%
before
40%
count
40%
father
40%
fish
40%
land
40%
leave
40%
left
40%
living
40%
make
40%
Now
40%
ocean
40%
own
40%
pay
40%
sell
40%
still
40%
took
40%
yesterday
40%
Bay
36%
bills
36%
Block
36%
bone
36%
captain
36%
children
36%
clothes
36%
deep
36%
fall
36%
fingers
36%
islanders
36%
Montauk
36%
reel
36%
rod
36%
Sound
36%
waters
36%
wife
36%
work
36%
worked
36%
works
36%
anymore
32%
asleep
32%
Atlantis
32%
bayman
32%
bound
32%
cruising
32%
diesel
32%
future
32%
hands
32%
locals
32%
luck
32%
More
32%
more
32%
Nantucket
32%
proud
32%
stripers
32%
swordfishing
32%
tonight
32%
wheel
32%
year
32%
bell
28%
canyons
28%
course
28%
drive
28%
giants
28%
morning
28%
shore
28%
Since
28%
trolling
28%
Vineyard
28%
charted
24%
miles
24%
Gardiner's
20%
No matching quizzes found
Score Distribution
Percent of People with Each Score
Percentile by Number Answered
Your Score History
You have not taken this quiz